| 000 | 00721cam a2200229 a 4500 | ||
|---|---|---|---|
| 001 | 22252 | ||
| 003 | BD-RjUL | ||
| 005 | 20211209000802.0 | ||
| 008 | 140306s1939 nyub 001 0 eng d | ||
| 035 | _a(BD-RjUL)22317 | ||
| 040 |
_aANL _beng _cANL _dBD-RjUL |
||
| 041 | _aeng | ||
| 082 | 0 | 0 |
_a327.1011 _bWHE 1939 |
| 100 | 1 |
_aWhittlesey, Derwent Stainthorpe, _d1890-1956. _968684 |
|
| 245 | 1 | 4 |
_aThe earth and the state : _ba study of political geography / _cby Derwent Whittlesey. |
| 260 |
_aNew York : _bHenry Holt and Company, _cc1939. |
||
| 300 |
_axvii, 618 p. : _bmaps (2 fold.) ; _c24 cm. |
||
| 504 | _aIncludes index. | ||
| 650 | 0 |
_aGeopolitics. _968685 |
|
| 650 | 0 |
_aPolitical geography. _966340 |
|
| 942 |
_2ddc _cBK |
||
| 999 |
_c22252 _d22252 |
||